000 00262nam a2200109Ia 4500
005 20251222141832.0
008 251222s9999||||xx |||||||||||||| ||spa||
082 _a700/C76U/Ej.2
245 0 _aAutomatismos Paralelos:
264 _bComunidad de Madrid
942 _cLIB
999 _c7140
_d7140